Estética y sistemas abiertos: procesos de no equilibrio entre el arte, la ciencia y la ciudad

Saved in:
Bibliografiske detaljer
Hovedforfatter: Hernández García, Iliana (Author)
Andre forfattere: Niño Bernal, Raúl (autor)
Format: Bog
Sprog:spansk
Udgivet: Bogotá Pontificia Universidad Javeriana 2013
Udgivelse:1a. ed
Serier:Colección Estética Contemporánea
Fag:
Tags: Tilføj Tag
Ingen Tags, Vær først til at tagge denne postø!

MARC

LEADER 00000cam a2200000 a 4500
001 UCC7853
003 CL-VaPUC
008 190510e20130000ck |||||||||||||||||spa|d
020 |a 9789587166705 
082 0 4 |a 720.1  |b HER  |2 21 
100 |a Hernández García, Iliana  |e author  |9 602599 
700 |a Niño Bernal, Raúl  |e autor  |9 602600 
245 1 0 |a Estética y sistemas abiertos: procesos de no equilibrio entre el arte, la ciencia y la ciudad 
250 |a 1a. ed 
300 |a 234 p 
942 |c BK 
945 |d 20190510 15:30:00  |a dcastane 
260 |a Bogotá  |b Pontificia Universidad Javeriana  |c 2013 
650 0 |a Arquitectura  |9 804558 
650 0 |a Filosofía de la arquitectura  |9 267382 
650 0 |a Estética   |9 264950 
650 0 |a Urbanismo  |9 255208 
650 0 |a Arte y ciencia   |9 330656 
583 |a last modification  |c 20190510 15:30:00  |k Rodrigo Vera 
490 0 |a Colección Estética Contemporánea 
999 |c 374402  |d 374400 
952 |0 0  |1 0  |3 erb  |4 0  |6 720_100000000000000_HER_2013  |7 0  |8 A  |9 492917  |a BIBARQ  |b BIBARQ  |i 554680K  |o 720.1 HER 2013  |p 554680K  |r 2025-01-20  |w 2019-11-24  |y BK  |z Catalogado en:20190510  |k ARQ